Private Practice Quiz Stats

 Plays Quiz not verified by Sporcle

Challenge
Share
Tweet
Embed
Score 0/20 Timer 10:00
0 Plays Today
% Correct
Naomi
47.4%
Seattle Grace
28.1%
Oceanside Wellness Group
26.3%
Charlotte King
22.8%
St Ambrose
19.3%
Sheldon
15.8%
KaDee Strickland
12.3%
LA,
10.5%
Olivia
7%
Betsy
7%
% Correct
Ryan
7%
Archur
5.3%
Alternative Medicine
5.3%
Heart Attack
5.3%
Car Crash
3.5%
Anna
3.5%
Ginger
3.5%
William
3.5%
2007
1.8%
Allen
1.8%

You're not logged in!

Compare scores with friends on all Sporcle quizzes.
Join for Free
OR
Log In

You Might Also Like...

Show Comments

Extras

Top Quizzes Today


Score Distribution

Your Account Isn't Verified!

In order to create a playlist on Sporcle, you need to verify the email address you used during registration. Go to your Sporcle Settings to finish the process.

Report this User

Report this user for behavior that violates our Community Guidelines.

Details: